<?xml version="1.0" encoding="UTF-8"?>
<record
    xmlns:xsi="http://www.w3.org/2001/XMLSchema-instance"
    xsi:schemaLocation="http://www.loc.gov/MARC21/slim http://www.loc.gov/standards/marcxml/schema/MARC21slim.xsd"
    xmlns="http://www.loc.gov/MARC21/slim">

  <leader>01969    a2200277  04500</leader>
  <controlfield tag="003">PE-LiUPU</controlfield>
  <controlfield tag="005">20250731183448.0</controlfield>
  <controlfield tag="008">050629s2007    mx                  spa d</controlfield>
  <datafield tag="020" ind1=" " ind2=" ">
    <subfield code="a">9781643600413</subfield>
  </datafield>
  <datafield tag="040" ind1=" " ind2=" ">
    <subfield code="b">spa</subfield>
    <subfield code="c">PE-LiUPU</subfield>
    <subfield code="d">PE-LiUPU</subfield>
    <subfield code="e">rda</subfield>
  </datafield>
  <datafield tag="082" ind1="0" ind2="4">
    <subfield code="a">720.72 </subfield>
    <subfield code="b">M553</subfield>
    <subfield code="2">23</subfield>
  </datafield>
  <datafield tag="100" ind1=" " ind2=" ">
    <subfield code="a">Bevilacqua, Flavio</subfield>
    <subfield code="e">autor.</subfield>
    <subfield code="9">4384</subfield>
  </datafield>
  <datafield tag="245" ind1="1" ind2="0">
    <subfield code="a">C&#xF3;mo hacer una tesis (de arquitectura) : </subfield>
    <subfield code="b">Lineamientos te&#xF3;ricos para la elaboraci&#xF3;n de un trabajo de tesis del taller de dise&#xF1;o en arquitectura / </subfield>
    <subfield code="c">Flavio Bevilacqua.</subfield>
  </datafield>
  <datafield tag="264" ind1=" " ind2=" ">
    <subfield code="a">Buenos Aires :</subfield>
    <subfield code="b">Dise&#xF1;o,</subfield>
    <subfield code="c">2019.</subfield>
  </datafield>
  <datafield tag="300" ind1=" " ind2=" ">
    <subfield code="a">101 p&#xE1;ginas : </subfield>
    <subfield code="b">ilustrado ; </subfield>
    <subfield code="c">21 cent&#xED;metros. </subfield>
  </datafield>
  <datafield tag="504" ind1=" " ind2=" ">
    <subfield code="a">Bibliograf&#xED;a: p&#xE1;ginas 100-101</subfield>
  </datafield>
  <datafield tag="505" ind1=" " ind2=" ">
    <subfield code="a">Definici&#xF3;n de conceptos fundamentales -- Derribar el proyecto &#x2013; Definiciones --  Proyecto de arquitectura -- Operaci&#xF3;n de dise&#xF1;o en arquitectura --  Sistema teleol&#xF3;gicamente orientado -- Causalidad en el proyecto -- En busca del &#xF3;ptimo mediante el proyecto -- Tiempo Amo y esclavo --  Sistemas de acci&#xF3;n -- El proyecto como sistema abierto -- Autopoiesis -- La complejidad del modo en el que se proyecta -- Estado de excepci&#xF3;n y proyecto -- Funcionalismo de la equivalencia -- Programas en los sistemas -- Operaci&#xF3;n proyectual -- Observar la operaci&#xF3;n -- Operaci&#xF3;n formalmente organizada -- El proyecto del proyecto -- El proyecto del proyecto -- Denominaci&#xF3;n del proyecto -- Tem&#xE1;tica -- Construcci&#xF3;n del problema de dise&#xF1;o -- An&#xE1;lisis de antecedentes -- Justificaci&#xF3;n del proyecto -- Viabilidad del trabajo -- Planteo de interrogantes -- Objetivos -- Intenci&#xF3;n proyectual -- Teor&#xED;a de referencia -- Actividades -- Operacionalizaci&#xF3;n -- Condiciones de presentaci&#xF3;n.</subfield>
  </datafield>
  <datafield tag="526" ind1=" " ind2=" ">
    <subfield code="a">P158</subfield>
  </datafield>
  <datafield tag="526" ind1=" " ind2=" ">
    <subfield code="a">P146</subfield>
  </datafield>
  <datafield tag="526" ind1=" " ind2=" ">
    <subfield code="a">P17</subfield>
  </datafield>
  <datafield tag="526" ind1=" " ind2=" ">
    <subfield code="a">P12</subfield>
  </datafield>
  <datafield tag="526" ind1=" " ind2=" ">
    <subfield code="a">P06</subfield>
  </datafield>
  <datafield tag="650" ind1="1" ind2="4">
    <subfield code="a">Arquitectura</subfield>
    <subfield code="x">Investigaci&#xF3;n.</subfield>
    <subfield code="9">3373</subfield>
  </datafield>
  <datafield tag="942" ind1=" " ind2=" ">
    <subfield code="c">BK</subfield>
    <subfield code="2">ddc</subfield>
    <subfield code="n">0</subfield>
  </datafield>
  <datafield tag="999" ind1=" " ind2=" ">
    <subfield code="c">62619</subfield>
    <subfield code="d">62618</subfield>
  </datafield>
  <datafield tag="980" ind1=" " ind2=" ">
    <subfield code="6">18226</subfield>
    <subfield code="a">Jaime Vilcaz&#xE1;n Jefe de An&#xE1;lisis Documental</subfield>
    <subfield code="8">1</subfield>
    <subfield code="g">ALBERTO SANCHEZ Responsable de Automatizaci&#xF3;n</subfield>
  </datafield>
  <datafield tag="952" ind1=" " ind2=" ">
    <subfield code="r">2025-12-03 00:00:00</subfield>
    <subfield code="l">0</subfield>
    <subfield code="o">720.72  M553</subfield>
    <subfield code="p">82260</subfield>
    <subfield code="t">e1</subfield>
    <subfield code="v">16.82</subfield>
    <subfield code="w">2024-09-11</subfield>
    <subfield code="x">FIA</subfield>
    <subfield code="y">BK</subfield>
    <subfield code="1">0</subfield>
    <subfield code="2">ddc</subfield>
    <subfield code="5">0</subfield>
    <subfield code="7">0</subfield>
    <subfield code="8">GEN</subfield>
    <subfield code="f">P06</subfield>
    <subfield code="a">BUL</subfield>
    <subfield code="b">BUL</subfield>
    <subfield code="c">GEN</subfield>
    <subfield code="d">2024-09-09</subfield>
    <subfield code="e">Compra, Arcadia</subfield>
    <subfield code="g">11.82</subfield>
  </datafield>
</record>
